UBT Library

Efekti i shpërblimeve financiare dhe jo-financiare në rritjen e motivimit të punëtorëve (Record no. 54979)

000 -LEADER
fixed length control field 00351nam a22001337a 4500
008 - FIXED-LENGTH DATA ELEMENTS--GENERAL INFORMATION
fixed length control field 200203b ||||| |||| 00| 0 eng d
041 ## - LANGUAGE CODE
Language code of text/sound track or separate title eng
080 ## - UNIVERSAL DECIMAL CLASSIFICATION NUMBER
Universal Decimal Classification number 043.3
082 ## - DEWEY DECIMAL CLASSIFICATION NUMBER
Classification number 043.3
100 ## - Rafti
Rafti 0
101 ## - Shkurtesa
Shkurtesa BTH
245 ## - TITLE STATEMENT
Title Efekti i shpërblimeve financiare dhe jo-financiare në rritjen e motivimit të punëtorëve
Statement of responsibility, etc Goga,D
942 ## - ADDED ENTRY ELEMENTS (KOHA)
Source of classification or shelving scheme
Item type Books
Holdings
Withdrawn status Lost status Source of classification or shelving scheme Damaged status Not for loan Collection code Permanent location Current location Shelving location Date acquired Total Checkouts Full call number Barcode Date last seen Price effective from Koha item type
          Koleksioni i përgjithshem UBT - Lipjan UBT - Lipjan Disertacionet 02/03/2020   043.3 Goga,D 2019 MBE 002-5000592 02/03/2020 02/03/2020 Dissertation
UBT Library © 2015-2024. All rights reserved University Education for Business and Technology